00753 2200253 4500001002100000005001700021008004100038020002200079035002500101040001200126082001900138084002300157100001600180245011700196260002700313300003400340500001100374504001200385650002900397700001900426990001800445990001800463990001800481INLIS00000000001473520151007124714.0  a978-979-29-4320-7 a0010-101500000000469 aYOPDYOG 2[23]a001.6424 2Qa001.6424bAbd P aABDUL KADIR aPemrograman CbMembahas pemrograman berorientasi objek . From zero to a proc/ AbdulKadir; editor Dwi Prabantini aYogyakartabAndic2014 axiv, 706b: ilus.;c28 cm +CD aIndeks ahlm.693 aC++ ( Program komputer ) aDwi Prabantini a21000-PD/B.15 a21001-PD/B.15 a21002-PD/B.15